[Event "KAZ Cup 2019"]
[Site "Almaty"]
[Date "2019.12.14"]
[Round "4.4"]
[White "Khegay, Dmitriy"]
[Black "Turov, Maxim"]
[Result "1-0"]
[WhiteElo "2504"]
[BlackElo "2574"]
[Annotator "TA"]
[PlyCount "125"]
[EventDate "2019.12.12"]
[EventType "tourn"]
[EventCountry "KAZ"]
[SourceTitle "playchess.com"]
[Source "ChessBase"]
[SourceQuality "1"]

{[%evp 15,125,32,28,29,40,8,50,46,56,34,41,34,37,35,29,13,23,8,12,10,16,10,13,15,51,50,42,41,47,27,42,39,37,37,37,37,36,13,42,52,72,27,30,53,43,45,50,39,20,30,97,93,93,80,85,99,99,99,95,85,92,100,137,145,140,141,142,95,102,102,103,103,97,103,83,105,650,629,713,713,713,637,713,491,500,279,272,256,241,105,3958,2945,11999,12354,8879,12850,12769,10904,8091,8985,29975,29975,29973,29975,29980,29981,29981,29982,29982,29983,29983,29984]} 1. e4 c6 2. d4 d5 3. exd5 cxd5 4. Bd3 Nc6 5. c3 Nf6 6. h3 g6 7. Bf4 Bg7 8. Nf3 Bf5 9. Bxf5 {B13: Caro-Kann: Exchange Variation and Panov-Botvinnik Attack} (9. O-O Bxd3 10. Qxd3 O-O 11. Nbd2 e6 12. Rfe1 a6 13. a4 Qb6 14. b4 Rac8 15. a5 Qd8 16. Nb3 Na7 {0-1 (35) Geller,J (2518)-Indjic,A (2620) St Petersburg 2018}) 9... gxf5 10. Ne5 Qb6 11. Nd3 {White is slightly better.} e6 12. O-O Ne7 $146 ({Predecessor:} 12... Nd7 13. Nd2 Na5 14. Qa4 a6 15. Nf3 Qb5 16. Qd1 O-O {1-0 (83) Engel,L (2363)-Stefan,V (2020) Mamaia 2017}) 13. a4 {[%cal Ba2a4,Ba4a5][%mdl 32]} O-O 14. a5 Qb5 15. Ra4 {[%cal Ba1a4,Ba4b4,Bb4b7][%mdl 32]} Ng6 16. Bh2 Rfc8 17. Rb4 Qxa5 18. Rxb7 Qa6 19. Rb4 Bf8 20. Ra4 Qb5 21. Na3 Qb6 22. Nc2 a5 23. Qe2 Qb5 24. Rfa1 Nd7 25. R4a2 a4 26. g4 (26. Na3 {with more complications.} Qb6 27. Nf4 Qa6 28. Qf3 Qb6 29. Nd3) 26... fxg4 27. hxg4 e5 28. dxe5 (28. Nf4 $5 {[%cal Re2b5]} Qxe2 29. Nxe2 $14) 28... Ndxe5 29. Bxe5 Nxe5 30. Qxe5 Qxd3 31. Ne3 $36 {[%mdl 2048] White is pushing.} a3 $1 {[%cal Ra3b2] ...axb2 is the strong threat.} 32. Rd1 axb2 (32... Qg6 $11 {keeps the balance.}) 33. Rxa8 $16 (33. Rxd3 $2 {perishes.} b1=Q+ 34. Kg2 Qxd3 $19) 33... Rxa8 34. Rxd3 b1=Q+ 35. Rd1 Qe4 36. Qxd5 Qxd5 37. Rxd5 {[%mdl 4096] Endgame KRB-KRN} Rc8 38. c4 Kg7 39. Kf1 Bc5 40. Nf5+ Kf6 41. Ke2 Re8+ 42. Ne3 $1 Re5 43. Rd3 h5 44. f4 Re4 {Threatens to win with ...hxg4.} 45. g5+ $1 Ke6 $2 {[%mdl 8192]} (45... Kg6 $16) 46. Kf3 $1 $18 Rd4 47. Rxd4 Bxd4 {KB-KN} 48. Ke4 Bc3 49. Nf5 Kd7 50. Kf3 Ke6 51. Ng3 {aiming for f5+.} h4 {[#]} 52. Ne2 (52. Ne4 $1 $18 {[%cal Re4c3] and the rest is easy.} Bb4 53. Kg4) 52... Be1 $2 {[%mdl 8192]} (52... Bb2 $16 53. Kg4 Kd6 54. Kxh4 Kc5) 53. Kg4 Bf2 54. Nc1 h3 55. Nd3 Be3 56. Kxh3 Kf5 57. c5 f6 58. c6 {White mates.} Bb6 {[#]} 59. Kh4 $1 fxg5+ 60. fxg5 Ke6 61. g6 Bd4 62. c7 Kd7 {[#]} 63. Nf4 {Played: Nd3-c5} 1-0

[Event "KAZ Cup 2019"]
[Site "Almaty"]
[Date "2019.12.14"]
[Round "4.5"]
[White "Urazayev, Arystanbek"]
[Black "Makhnev, Denis"]
[Result "1/2-1/2"]
[WhiteElo "2433"]
[BlackElo "2476"]
[Annotator "RC"]
[PlyCount "63"]
[EventDate "2019.12.12"]
[EventType "tourn"]
[EventCountry "KAZ"]
[SourceTitle "playchess.com"]
[Source "ChessBase"]
[SourceQuality "1"]
[TimeControl "40/5400+30:1800+30"]

1. e4 {[%emt 0:02:09]} e5 {[%emt 0:00:00]} 2. Nf3 {[%emt 0:00:38]} Nc6 {[%emt 0:00:00]} 3. Bb5 {[%emt 0:00:47]} a6 {[%emt 0:00:01]} 4. Ba4 {[%emt 0:00:04]} Nf6 {[%emt 0:00:11]} 5. d3 {[%emt 0:00:55]} b5 {[%emt 0:00:07]} 6. Bb3 {[%emt 0:00:04]} Bc5 {[%emt 0:00:08]} 7. Nc3 {[%emt 0:00:44]} d6 {[%emt 0:00:09]} 8. Nd5 {[%emt 0:00:16]} h6 {[%emt 0:00:11]} 9. c3 {[%emt 0:00:08]} Rb8 {[%emt 0:00:12]} 10. O-O {[%emt 0:01:53]} O-O {[%emt 0:00:19]} 11. d4 {[%emt 0:00:06]} Ba7 {[%emt 0:00:09]} 12. Be3 {[%emt 0:00:51]} Nxd5 {[%emt 0:06:31]} 13. Bxd5 {[%emt 0:04:47]} Ne7 {[%emt 0:00:56]} 14. dxe5 {[%emt 0:02:26]} Bxe3 {[%emt 0:00:07]} 15. fxe3 {[%emt 0:00:03]} dxe5 {[%emt 0:00:08]} 16. Nxe5 {[%emt 0:11:35]} Nxd5 {[%emt 0:00:08]} 17. Qxd5 {[%emt 0:12:43]} Bb7 {[%emt 0:00:21]} 18. Qc5 {[%emt 0:19:56]} Bxe4 {[%emt 0:11:17]} 19. Rf4 {[%emt 0:03:07]} f5 {[%emt 0:02:40]} 20. Nc6 {[%emt 0:01:35]} Bxc6 {[%emt 0:01:53]} 21. Qxc6 {[%emt 0:00:04]} Qd2 {[%emt 0:02:47]} 22. Rf2 {[%emt 0:06:46]} Qxe3 {[%emt 0:00:14]} 23. Qxc7 {[%emt 0:00:20]} f4 {[%emt 0:02:38]} 24. Qc6 {[%emt 0:05:07]} Rbd8 {[%emt 0:04:43]} 25. Qf3 {[%emt 0:01:03]} Qc5 {[%emt 0:00:18]} 26. Kh1 {[%emt 0:02:34]} Qc4 {[%emt 0:03:23]} 27. b3 {[%emt 0:01:58]} Qe6 {[%emt 0:02:41]} 28. h3 {[%emt 0:01:05]} Qg6 {[%emt 0:00:53]} 29. Rd1 {[%emt 0:03:49]} Rxd1+ {[%emt 0:05:03]} 30. Qxd1 {[%emt 0:00:05]} Rf6 {[%emt 0:00:08]} 31. Qd4 {[%emt 0:04:39]} Qf5 {[%emt 0:01:15]} 32. Kh2 {[%emt 0:01:33]} 1/2-1/2

[Event "KAZ Cup 2019"]
[Site "Almaty"]
[Date "2019.12.15"]
[Round "5.1"]
[White "Makhnev, Denis"]
[Black "Kostenko, Petr"]
[Result "1-0"]
[WhiteElo "2476"]
[BlackElo "2467"]
[Annotator "TA"]
[PlyCount "151"]
[EventDate "2019.12.12"]
[EventType "tourn"]
[EventCountry "KAZ"]
[SourceTitle "playchess.com"]
[Source "ChessBase"]
[SourceQuality "1"]

{[%evp 17,151,10,0,10,0,0,0,0,0,0,-6,-13,-8,-16,-8,-29,0,0,-3,-2,0,-9,0,0,0,0,29,0,30,20,12,11,22,45,261,261,271,260,259,254,271,271,271,270,266,262,262,260,270,233,217,104,120,120,259,169,170,124,184,193,162,0,39,0,165,175,187,174,339,326,318,288,257,192,187,71,73,76,260,194,385,379,365,354,397,325,522,487,714,707,687,662,462,402,12825,12829,12831,12825,12825,12823,12823,12822,12822,12826,12825,12827,12824,12827,12834,12828,12829,12823,12820,12820,12829,12829,12831,12821,12836,12836,12833,924,12837,12837,12837,12838,12839,12838,12838,12839,12839,12839,12842,12843,12843,12843]} 1. d4 e6 2. c4 Nf6 3. g3 d5 4. Bg2 dxc4 5. Nf3 a6 6. O-O b5 7. Ne5 Nd5 8. a4 Bb7 9. b3 c3 $1 {Threatening ...b4.} 10. axb5 {E04: Open Catalan: 5 Nf3} axb5 11. Rxa8 Bxa8 12. e4 {The position is equal.} b4 {Hoping for ...Nf6.} 13. exd5 Bxd5 14. Be3 Be7 15. Bxd5 Qxd5 16. Qc2 {[#]} O-O $146 ({Predecessor:} 16... Nd7 17. Nxc3 bxc3 18. Qxc3 {½-½ (31) Nikolov,M (2561)-Mastrovasilis,D (2602) Achaia 2017}) 17. Nxc3 bxc3 18. Qxc3 Bd6 19. Qc4 Qe4 20. Rc1 h5 21. h4 Rc8 22. b4 {[%cal Bb3b4,Bb4b5,Bb5b6][%mdl 32]} Rd8 23. Qb5 Bxe5 24. Qxe5 Qxe5 25. dxe5 $11 {[%mdl 4096] Endgame b5 is the strong threat. KRB-KRN} Rd7 $2 ({Black should try} 25... c6 $1 $14) 26. b5 $18 c6 27. b6 ({Weaker is} 27. bxc6 Rc7 $14) 27... Kh7 28. Ra1 Rd5 29. Ra8 Nd7 30. Rc8 $1 Rb5 31. Rxc6 Rb4 32. f4 $1 Kg6 33. Rd6 Nb8 34. Kf2 (34. Rd2 $18) 34... Kf5 $16 35. Kf3 {Threatens to win with Rd8.} f6 (35... Rb3 $16 36. Ke2 f6) 36. exf6 gxf6 37. Rd3 Nc6 (37... Rb2 $16 38. Rd2 Rb4) 38. Rc3 $18 Nd8 39. Rd3 ({Better is} 39. Bc5 $18 Rb2 40. Be7) 39... Nc6 $14 40. Rc3 (40. Rd7 $14 Rb3 41. Ke2) 40... Nd8 $18 41. Rc8 Nf7 42. Bc5 $1 {[%cal Rc5b4]} Rb3+ $2 (42... Rb5 43. Rc7 e5 44. fxe5 (44. Rxf7 Rxc5 45. fxe5 Kxe5 $18) 44... Nxe5+ 45. Ke2 Nc4) 43. Ke2 e5 44. Rf8 Nh6 45. fxe5 Kxe5 46. Be3 (46. Bd6+ $18 {has better winning chances.} Kd5 47. Bc7 (47. Rxf6 Ng4 $15)) 46... Nf5 $16 47. Bf4+ Ke6 $2 {[#]} (47... Ke4 $16) 48. Bc7 $1 $18 Ne7 $2 (48... Nd4+ {was called for.} 49. Kd1 Nc6 50. Re8+ Kd7) 49. Re8 Kf7 {[#]} 50. Rd8 $1 Nf5 51. Rd3 Rb5 $2 (51... Rb2+ {is a better defense.} 52. Kd1 Ke7) 52. Kd2 Ng7 (52... Ne7 $142 53. Kc3 Ke6) 53. Rd7+ Kg6 54. Re7 Nf5 55. Re4 Nxg3 (55... Kf7 $142 56. Kc3 Ne7) 56. Bxg3 {White is clearly winning.} Rxb6 {KRB-KR} 57. Ke3 Rb1 58. Ra4 Kf5 59. Bf2 Rb3+ 60. Ke2 Rb2+ 61. Kf3 Rb3+ 62. Be3 Rb1 63. Ra5+ Kg6 64. Ra8 Rb4 65. Bf2 Rc4 66. Rd8 Rc6 67. Rg8+ Kh7 68. Rg1 Rc4 69. Ke3 (69. Rd1 $142 Kg6 70. Bd4) 69... Ra4 70. Kd3 Rf4 71. Rg2 Rf5 72. Ke4 Re5+ 73. Kf4 Rd5 74. Be3 Rd1 75. Kf5 Rf1+ 76. Bf2 {Accuracy: White = 59%, Black = 44%.} 1-0

[Event "KAZ Cup 2019"]
[Site "Almaty"]
[Date "2019.12.15"]
[Round "5.2"]
[White "Turov, Maxim"]
[Black "Urazayev, Arystanbek"]
[Result "1/2-1/2"]
[WhiteElo "2574"]
[BlackElo "2433"]
[Annotator "TA"]
[PlyCount "47"]
[EventDate "2019.12.12"]
[EventType "tourn"]
[EventCountry "KAZ"]
[SourceTitle "playchess.com"]
[Source "ChessBase"]
[SourceQuality "1"]

{[%evp 9,47,25,24,27,36,31,37,31,33,24,39,38,36,33,27,7,31,0,43,8,7,16,29,29,28,0,3,4,19,2,0,12,19,4,11,0,12,0,15,0]} 1. c4 e6 2. Nc3 d5 3. d4 a6 4. cxd5 exd5 5. Nf3 Nf6 6. Bg5 {D37: Queen's Gambit Declined: 5 Bf4} Be6 7. e3 Nbd7 8. Bd3 {White is slightly better.} c6 9. Qb3 Ra7 $146 ({Predecessor:} 9... Qb6 10. Qxb6 Nxb6 11. Bxf6 gxf6 12. Nh4 a5 13. O-O-O Bb4 {1-0 (40) So,W (2767)-Demchenko,A (2655) Khanty-Mansiysk 2019}) 10. O-O Bd6 11. Qc2 Qc7 12. Bh4 O-O 13. Bg3 g6 14. b4 Bxg3 15. hxg3 b5 16. a4 Nb6 17. Ra2 Nc4 {The position is equal.} 18. Rfa1 {Hoping for axb5.} Rb7 19. axb5 axb5 20. Ne2 Bg4 21. Nf4 Qd6 22. Qc3 Re8 23. Ra6 Bd7 24. Ra8 {Accuracy: White = 38%, Black = 38%.} 1/2-1/2

[Event "KAZ Cup 2019"]
[Site "Almaty"]
[Date "2019.12.15"]
[Round "5.3"]
[White "Igambergenov, Alibek"]
[Black "Khegay, Dmitriy"]
[Result "1/2-1/2"]
[WhiteElo "2410"]
[BlackElo "2504"]
[Annotator "TA"]
[PlyCount "114"]
[EventDate "2019.12.12"]
[EventType "tourn"]
[EventCountry "KAZ"]
[SourceTitle "playchess.com"]
[Source "ChessBase"]
[SourceQuality "1"]

{[%evp 9,114,20,14,5,18,0,0,10,0,0,10,19,12,-19,-15,-25,0,0,-9,-18,0,0,0,-14,0,-45,-11,-28,0,0,0,0,12,30,37,39,50,0,0,6,2,-70,-65,-66,-80,-84,-106,-100,-103,-96,-85,-76,-110,-836,21,13,259,256,747,739,2280,2277,1341,0,0,-19,0,0,0,0,0,0,0,-8,0,0,0,0,0,0,0,0,0,0,0,0,0,0,0,0,0,0,0,0,0,0,0,0,0,0,0,0,0,0,0,0,0]} 1. Nf3 d5 2. e3 c5 3. b3 a6 4. c4 (4. Bb2 Nc6 5. g3 Nf6 6. Bg2 g6 7. d4 Bg7 8. O-O cxd4 9. Nxd4 O-O 10. Nxc6 bxc6 11. c4 Bg4 12. Qc2 Qd7 {0-1 (62) Anton Guijarro,D (2642)-Inarkiev,E (2693) St Petersburg 2018}) 4... e6 5. Bb2 Nf6 6. cxd5 {A06: Réti Opening:1 Nf3 d5} exd5 7. Be2 Nc6 8. O-O d4 9. exd4 cxd4 10. Re1 {White wants to play Nxd4!} Be7 11. d3 O-O 12. Nbd2 {[%cal Bb1d2,Bd2c4,Bc4e5][%mdl 32]} Bc5 $146 ({Predecessor:} 12... Re8 13. Rc1 {0-1 (35) Grigoriev,A (2283)-Mohammad,S (2349) Istanbul 2011}) 13. Rc1 Ba7 14. Bf1 Bg4 15. h3 Bh5 16. Nc4 Nd5 17. Nce5 (17. g4 $5 {[%cal Rg4h5]} Bg6 18. Nce5 $11) 17... Ncb4 18. g4 Bg6 19. a3 (19. Nxd4 Nxa2 20. Rc2 Nac3 $17) 19... Na2 20. Rc4 $1 (20. Nxg6 $2 fxg6 21. b4 Nxc1 $17) 20... Ndc3 21. Qd2 f6 22. Nxg6 hxg6 23. Qf4 b5 24. Rc6 $1 Qd5 $132 {[%mdl 2112] Double Attack. Black puts up resistance} 25. Qd6 ({Don't blunder} 25. Rxa6 $2 Bb8 $19) ({White should try} 25. Rce6 $11) 25... Qxf3 $15 26. Rc7 Bb8 {[%mdl 64] [#] Skewer} 27. Ree7 $1 {[%mdl 512]} Bxc7 28. Qxc7 Kh8 29. Rxg7 {White threatens Rh7+ and mate.} Ne2+ {[%mdl 64] Overworked Piece} 30. Bxe2 {Threatening mate with Rh7+.} Qxh3 31. Bxd4 $2 {[%mdl 8192]} ({Not} 31. Rxg6 $2 Qh7 $19) (31. Re7 $17 Nc3 32. Bf3) 31... Qh6 $2 (31... Rac8 $19 32. g5 Rxc7 33. Rxc7 Qe6) 32. Rf7 Kg8 $2 {[#]} (32... Qc1+ $1 $11 {and Black is okay.} 33. Bf1 Qxc7 34. Rxc7 Rad8) 33. Rxf8+ $1 $18 ({Inferior is} 33. Rxf6 Rxf6 34. Bxf6 Qc1+ 35. Qxc1 Nxc1 $15) 33... Qxf8 $2 (33... Rxf8 34. Be3 Qh3) 34. Bf3 {Bd5+ would kill now.} Rd8 35. Bc5 Qe8 36. Qb6 $2 (36. Bc6 $18) 36... Rxd3 $11 {[%mdl 64] Double Attack. The position is equal.} 37. Kg2 (37. Qxf6 {is more complex.} Qf7 38. Qxa6 Rxf3 39. Qc8+ Kh7 40. Bd4) 37... Rxf3 (37... Nc3 {with more complications.} 38. Qxa6 Nd5 39. Bd6 Rd2 40. Kf1 g5) 38. Kxf3 Nc3 39. Kg3 Ne4+ 40. Kh3 Ng5+ 41. Kh4 Qe6 (41... Qe5 {feels hotter.} 42. Qd8+ Kg7 43. Bf8+ Kf7 44. Bd6 Qe8) 42. Qxe6+ Nxe6 {[%mdl 4096] Endgame KB-KN} 43. Be3 Kf7 44. f4 f5 45. gxf5 gxf5 46. Kh5 Nd8 47. Kg5 Ke6 48. a4 Nc6 49. axb5 axb5 50. Bb6 Nb4 51. Ba5 Nd3 {...Nc1 is the strong threat.} 52. b4 Nf2 53. Bc7 Ne4+ 54. Kg6 Nf6 {And now ...Nd5! would win.} 55. Kg5 Ne4+ 56. Kg6 Ng3 57. Bb6 Ne4 {Accuracy: White = 56%, Black = 50%.} 1/2-1/2

[Event "KAZ Cup 2019"]
[Site "Almaty"]
[Date "2019.12.15"]
[Round "5.4"]
[White "Stupak, Kirill"]
[Black "Babujian, Levon"]
[Result "0-1"]
[WhiteElo "2529"]
[BlackElo "2466"]
[Annotator "TA"]
[PlyCount "56"]
[EventDate "2019.12.12"]
[EventType "tourn"]
[EventCountry "KAZ"]
[SourceTitle "playchess.com"]
[Source "ChessBase"]
[SourceQuality "1"]

{[%evp 16,90,0,0,0,0,0,0,0,0,23,0,31,0,0,7,14,16,14,-131,-129,-142,-135,-144,-142,-142,-142,-149,-158,-146,-135,-139,-143,-145,-147,-183,-186,-263,-208,-281,-141,-366,-195,-191,-184,-204,-145,-154,-140,-133,-133,-164,-160,-163,-144,-145,-159,-173,-175,-254,-251,-364,-336,-446,-448,-467,-458,-499,-491,-592,-593,-587,-560,-581,-572,-531,-528]} 1. d4 Nf6 2. c4 g6 3. Nc3 {[%cal Bb1c3,Bc3a4,Ba4c5][%mdl 32]} d5 4. Nf3 Bg7 5. cxd5 Nxd5 6. Na4 O-O 7. e4 Nb6 8. Be3 Bg4 9. Nc5 Nc6 {D85: Exchange Grünfeld: Unusual White 7th moves and lines with 7 Nf3} 10. Nxb7 Qb8 11. Ba6 Nb4 {The position is equal.} 12. Nc5 Bxf3 13. gxf3 {Strongly threatening Bb7.} Rd8 (13... Bxd4 $5 14. Be2 (14. Bxd4 Rd8 $11) 14... Rd8 $11) 14. O-O {Threatens to win with Bb7.} ({Reject} 14. Bb7 Bxd4 15. Bxd4 Rxd4 $17) 14... Bxd4 15. Bxd4 {[#]} e5 $146 ({Predecessor:} 15... Nxa6 16. Nxa6 Qc8 17. Nxc7 Qxc7 18. Bxb6 axb6 {½-½ (50) Van Wely,L (2676)-Chatalbashev,B (2556) Germany 2016}) 16. Bb7 Rxd4 17. Qe2 (17. Qb3 $11 {keeps the balance.} Qf8 18. Bxa8 Qxc5 19. Bb7) 17... Na4 $1 $17 {[%cal Ra4c5]} 18. Nxa4 Qxb7 19. Nc5 Qb6 20. Nb3 Rd6 21. Rad1 Rad8 22. Nc1 Kg7 23. Rxd6 Qxd6 ({Resist} 23... Rxd6 24. Rd1 $15) 24. a3 Nc6 $1 25. Nb3 a5 $1 26. Rc1 (26. a4 {might work better.}) 26... Qf6 {...Nd4! is the strong threat.} 27. Rd1 Rb8 (27... a4 $1 $19 {[%cal Ra4b3]} 28. Rxd8 Qxd8) 28. Qc4 $2 (28. Qe3 $17 {is the only way for White.}) 28... a4 {Played: Qf6xf3} 0-1

[Event "KAZ Cup 2019"]
[Site "Almaty"]
[Date "2019.12.15"]
[Round "5.5"]
[White "Utegaliyev, Azamat"]
[Black "Rakhimzhan, Alen"]
[Result "1/2-1/2"]
[WhiteElo "2502"]
[BlackElo "2354"]
[Annotator "TA"]
[PlyCount "53"]
[EventDate "2019.12.12"]
[EventType "tourn"]
[EventCountry "KAZ"]
[SourceTitle "playchess.com"]
[Source "ChessBase"]
[SourceQuality "1"]

{[%evp 9,53,-22,-7,-22,-20,-23,-21,-35,16,0,22,24,10,-14,2,0,0,-2,0,-27,-25,-28,-6,-25,-26,-30,0,-16,-2,-23,0,0,0,-2,0,0,0,-12,0,0,0,-4,10,0,0,0]} 1. g3 d5 2. Bg2 Nf6 3. d3 e5 4. Nf3 Bd6 5. O-O O-O 6. Nbd2 {A00: Irregular Openings} Qe7 7. e4 dxe4 8. dxe4 c6 (8... Nc6 $15) 9. Qe2 (9. b3 Bg4 10. Nc4 Bxf3 11. Qxd6 Qxd6 12. Nxd6 Bxg2 13. Kxg2 b6 14. Rd1 {1-0 (42) Duda,J (2717)-Wojtaszek,R (2736) Katowice 2017}) 9... Nbd7 10. Nc4 Bc7 11. Nh4 Nc5 12. Bg5 $146 ({Predecessor:} 12. h3 Be6 13. Bg5 h6 14. Bxf6 Qxf6 {½-½ (21) Grasse,H-Sieberg,R (1951) Dortmund 2010}) 12... h6 13. Bd2 Bg4 14. f3 Be6 15. b3 Rfd8 16. Ne3 g6 17. Rfd1 Kh7 18. a4 $1 a5 19. Bf1 Rd7 20. Nhg2 {The position is equal.} Rad8 21. Bc3 b6 22. Rxd7 Nfxd7 23. Qe1 Nf8 24. Rd1 Rxd1 25. Qxd1 Nfd7 26. h4 h5 27. Qd2 {Accuracy: White = 54%, Black = 44%.} 1/2-1/2

[Event "KAZ Cup 2019"]
[Site "Almaty"]
[Date "2019.12.16"]
[Round "6.1"]
[White "Kostenko, Petr"]
[Black "Rakhimzhan, Alen"]
[Result "1/2-1/2"]
[WhiteElo "2467"]
[BlackElo "2354"]
[Annotator "ChessBase"]
[PlyCount "197"]
[EventDate "2019.12.12"]
[EventType "tourn"]
[EventCountry "KAZ"]
[SourceTitle "playchess.com"]
[Source "ChessBase"]
[SourceQuality "1"]
[TimeControl "40/5400+30:1800+30"]

1. e4 e5 {[%emt 0:01:41]} 2. Nf3 {[%emt 0:01:44]} Nc6 {[%emt 0:00:08]} 3. Bc4 {[%emt 0:00:04]} Bc5 {[%emt 0:00:39]} 4. d3 {[%emt 0:00:06]} Nf6 {[%emt 0:00:08]} 5. Nbd2 {[%emt 0:00:22]} d6 {[%emt 0:00:40]} 6. a4 {[%emt 0:01:02]} a5 {[%emt 0:00:28]} 7. c3 Ba7 {[%emt 0:00:34]} 8. h3 {[%emt 0:02:24]} h6 {[%emt 0:00:24]} 9. Nf1 {[%emt 0:00:07]} O-O {[%emt 0:00:21]} 10. Ng3 {[%emt 0:01:03]} Ne7 11. Nh2 {[%emt 0:01:57]} d5 {[%emt 0:06:31]} 12. exd5 {[%emt 0:00:05]} Nexd5 {[%emt 0:00:14]} 13. Ng4 Nf4 {[%emt 0:12:37]} 14. Qf3 {[%emt 0:01:53]} Nxg4 15. hxg4 {[%emt 0:02:14]} Qg5 {[%emt 0:06:14]} 16. Nf5 {[%emt 0:00:03]} Bxf5 {[%emt 0:08:25]} 17. gxf5 Nxg2+ {[%emt 0:10:05]} 18. Kf1 {[%emt 0:01:02]} Nf4 {[%emt 0:02:01]} 19. d4 {[%emt 0:01:27]} Rad8 {[%emt 0:02:04]} 20. Qxb7 {[%emt 0:08:08]} Bxd4 {[%emt 0:10:44]} 21. cxd4 {[%emt 0:32:32]} Rxd4 22. Be2 {[%emt 0:15:35]} Qxf5 {[%emt 0:02:09]} 23. Qf3 {[%emt 0:00:36]} Rb8 24. Rh2 {[%emt 0:20:05]} Re4 {[%emt 0:15:44]} 25. Bb5 Qg6 {[%emt 0:12:17]} 26. b3 {[%emt 0:02:08]} Rxb5 {[%emt 0:03:46]} 27. Bxf4 {[%emt 0:00:05]} Rb6 {[%emt 0:01:05]} 28. Bg3 {[%emt 0:06:39]} Rf6 {[%emt 0:00:33]} 29. Qc3 {[%emt 0:00:18]} Rg4 {[%emt 0:00:44]} 30. Rh3 e4 {[%emt 0:02:13]} 31. Re1 {[%emt 0:01:35]} Rf3 {[%emt 0:01:40]} 32. Qxc7 {[%emt 0:01:28]} Kh7 {[%emt 0:00:33]} 33. Re3 {[%emt 0:00:48]} f5 {[%emt 0:00:39]} 34. Bh2 {[%emt 0:00:43]} Rxh3 {[%emt 0:00:58]} 35. Rxh3 {[%emt 0:00:04]} f4 {[%emt 0:00:24]} 36. Qxa5 {[%emt 0:00:51]} e3 {[%emt 0:00:37]} 37. Qe1 {[%emt 0:00:36]} exf2 {[%emt 0:00:32]} 38. Qxf2 {[%emt 0:00:22]} Qb1+ {[%emt 0:00:26]} 39. Qe1 {[%emt 0:00:05]} Qc2 {[%emt 0:00:38]} 40. Qe2 {[%emt 0:00:09]} Qc1+ {[%emt 0:00:20]} 41. Kf2 {[%emt 0:30:22]} Qc5+ {[%emt 0:30:21]} 42. Ke1 {[%emt 0:00:59]} Rg5 {[%emt 0:00:42]} 43. Qd3+ {[%emt 0:00:38]} Kh8 {[%emt 0:00:15]} 44. Qd8+ {[%emt 0:00:40]} Kh7 {[%emt 0:00:02]} 45. Qd3+ {[%emt 0:00:05]} Kh8 {[%emt 0:00:04]} 46. Qc3 Qd5 {[%emt 0:00:00]} 47. Rf3 {[%emt 0:00:00]} Re5+ {[%emt 0:00:00]} 48. Kf2 {[%emt 0:00:00]} g5 49. Bxf4 {[%emt 0:00:00]} gxf4 {[%emt 0:00:00]} 50. Rxf4 {[%emt 0:00:00]} Kh7 {[%emt 0:00:00]} 51. Qc2+ {[%emt 0:00:00]} Kg7 {[%emt 0:00:00]} 52. Rg4+ {[%emt 0:00:00]} Rg5 {[%emt 0:00:02]} 53. Rxg5+ {[%emt 0:00:07]} hxg5 54. Qc4 Qd2+ {[%emt 0:00:56]} 55. Kg3 {[%emt 0:01:26]} Kg6 56. Qe6+ {[%emt 0:01:30]} Kh5 {[%emt 0:01:25]} 57. Qe4 {[%emt 0:00:44]} Kh6 {[%emt 0:01:09]} 58. Qe6+ {[%emt 0:00:50]} Kh5 {[%emt 0:00:31]} 59. Qf5 {[%emt 0:01:22]} Kh6 60. Qf8+ Kg6 {[%emt 0:01:17]} 61. Qe8+ {[%emt 0:00:41]} Kh6 {[%emt 0:00:15]} 62. Qc6+ {[%emt 0:00:30]} Kh5 63. Qh1+ {[%emt 0:01:05]} Kg6 {[%emt 0:00:20]} 64. Qc6+ {[%emt 0:00:09]} Kh5 {[%emt 0:00:07]} 65. Qf3+ {[%emt 0:00:21]} Kh6 {[%emt 0:00:15]} 66. Qh1+ {[%emt 0:00:26]} Kg6 {[%emt 0:00:09]} 67. Qe4+ Kh6 {[%emt 0:01:36]} 68. b4 {[%emt 0:00:34]} Qc3+ {[%emt 0:00:40]} 69. Kg4 {[%emt 0:00:36]} Qc8+ {[%emt 0:00:08]} 70. Kf3 {[%emt 0:00:20]} Qc3+ {[%emt 0:00:11]} 71. Kg4 {[%emt 0:00:28]} Qc8+ {[%emt 0:00:05]} 72. Kf3 {[%emt 0:00:19]} Qc3+ {[%emt 0:00:10]} 73. Ke2 {[%emt 0:00:20]} Qb2+ {[%emt 0:00:09]} 74. Ke3 {[%emt 0:00:42]} Qb3+ {[%emt 0:00:43]} 75. Kd2 Qb2+ {[%emt 0:00:24]} 76. Kd1 {[%emt 0:00:16]} Qa1+ {[%emt 0:00:26]} 77. Kc2 {[%emt 0:00:12]} Qxa4+ 78. Kc3 {[%emt 0:00:38]} Kh5 {[%emt 0:01:09]} 79. Qh1+ {[%emt 0:00:12]} Kg4 {[%emt 0:00:22]} 80. Qg2+ {[%emt 0:00:05]} Kh4 {[%emt 0:01:35]} 81. Qh2+ {[%emt 0:00:03]} Kg4 {[%emt 0:00:06]} 82. Qe2+ {[%emt 0:00:06]} Kh4 {[%emt 0:00:16]} 83. b5 {[%emt 0:00:19]} g4 {[%emt 0:01:55]} 84. Qe7+ {[%emt 0:00:42]} Kh3 85. Qh7+ {[%emt 0:01:17]} Kg2 {[%emt 0:02:06]} 86. Qb7+ {[%emt 0:00:24]} Kh3 {[%emt 0:01:05]} 87. b6 {[%emt 0:00:16]} Qa1+ {[%emt 0:01:52]} 88. Kc4 {[%emt 0:00:30]} Qa2+ {[%emt 0:00:16]} 89. Kc5 {[%emt 0:00:10]} Qf2+ {[%emt 0:00:08]} 90. Kd6 {[%emt 0:00:11]} Qf6+ {[%emt 0:00:16]} 91. Kc7 {[%emt 0:00:08]} Qe7+ {[%emt 0:00:38]} 92. Kb8 {[%emt 0:00:03]} Qxb7+ {[%emt 0:00:10]} 93. Kxb7 {[%emt 0:00:03]} g3 94. Ka8 {[%emt 0:00:07]} g2 {[%emt 0:00:09]} 95. b7 {[%emt 0:00:03]} g1=Q {[%emt 0:00:06]} 96. b8=Q {[%emt 0:00:06]} Qa1+ {[%emt 0:00:02]} 97. Kb7 {[%emt 0:00:03]} Qb2+ {[%emt 0:00:03]} 98. Kc8 {[%emt 0:00:05]} Qxb8+ {[%emt 0:00:03]} 99. Kxb8 {[%emt 0:00:07]} 1/2-1/2